Wind energy - the planning issue. (Record no. 60405)
[ view plain ]
| 000 -LEADER | |
|---|---|
| fixed length control field | 00787cam a2200217 4500 |
| 001 - CONTROL NUMBER | |
| control field | ABS60755 |
| 008 - FIXED-LENGTH DATA ELEMENTS--GENERAL INFORMATION | |
| fixed length control field | 000000n1999 000 0 eng u |
| 035 ## - SYSTEM CONTROL NUMBER | |
| System control number | (Sirsi) u101252 |
| 100 ## - MAIN ENTRY--PERSONAL NAME | |
| Personal name | Aubrey, C. |
| 245 ## - TITLE STATEMENT | |
| Title | Wind energy - the planning issue. |
| 260 ## - PUBLICATION, DISTRIBUTION, ETC. | |
| Date of publication, distribution, etc. | 1999 |
| 490 ## - SERIES STATEMENT | |
| Series statement | New Review |
| Volume/sequential designation | (40) May 1999, 6-7(2) |
| 520 ## - SUMMARY, ETC. | |
| Summary, etc. | Examines the current difficulties being faced by the wind industry in obtaining planning permission for wind power projects, which are seen by some local authorities and groups such as 'Country Guardian' as a blot on the landscape. |
| 650 ## - SUBJECT ADDED ENTRY--TOPICAL TERM | |
| Topical term or geographic name entry element | WIND ENERGY |
| 650 ## - SUBJECT ADDED ENTRY--TOPICAL TERM | |
| Topical term or geographic name entry element | WIND FARMS |
| 650 ## - SUBJECT ADDED ENTRY--TOPICAL TERM | |
| Topical term or geographic name entry element | PLANNING PERMISSION |
| 650 ## - SUBJECT ADDED ENTRY--TOPICAL TERM | |
| Topical term or geographic name entry element | RENEWABLE ENERGY |
| 650 ## - SUBJECT ADDED ENTRY--TOPICAL TERM | |
| Topical term or geographic name entry element | VISUAL IMPACT |
| 690 ## - LOCAL SUBJECT ADDED ENTRY--TOPICAL TERM (OCLC, RLIN) | |
| Topical term or geographic name as entry element | ENVIRONMENTAL AND LAND CONSULTANCY-ENERGY |
| 942 ## - ADDED ENTRY ELEMENTS (KOHA) | |
| Suppress in OPAC | 0 |
| Withdrawn status | Lost status | Source of classification or shelving scheme | Damaged status | Not for loan | Home library | Current library | Shelving location | Date acquired | Total Checkouts | Full call number | Barcode | Date last seen | Copy number | Price effective from | Koha item type |
|---|---|---|---|---|---|---|---|---|---|---|---|---|---|---|---|
| Dewey Decimal Classification | London | London | Journal article | 03/11/1999 | ABS60755 | 101252-1001 | 06/08/2019 | 1 | 06/08/2019 | Journal article |